| 000 | 00775nam a22002412 4500 | ||
|---|---|---|---|
| 001 | 0000013584 | ||
| 005 | 20151217145902.0 | ||
| 008 | 090928s xx 000 0 eng d | ||
| 020 | _a0764546872 : | ||
| 040 |
_aKABU _cKABU |
||
| 100 | 1 |
_aLepage, Yves. _@0000171037 |
|
| 245 | 1 | 0 |
_aUnix bible / _cYves Lepage and Paul Iarrera. |
| 250 | _a2nd ed. | ||
| 260 |
_aChicago : _bIDG Books, _c2000. |
||
| 300 |
_axxxiii, 750 p. + _e2 CD-ROM. |
||
| 650 | 0 |
_aUNIX (Computer file) _@0000154651 |
|
| 650 | 0 |
_aOperating systems (Computers) _@0000146540 |
|
| 700 | 1 |
_aIarrera, Paul. _@0000171038 |
|
| 852 | 1 | _9p3586 KES | |
| 852 | 1 | _9p3638.70 KES | |
| 908 | _a090928 | ||
| 950 | _@1 | ||
| 999 |
_c3721 _d3721 |
||